Online Catalogue and eLibrary

Manawasinghe geetha nibanda (Record no. 4829)

MARC details
000 -LEADER
fixed length control field 00443nam a2200157Ia 4500
005 - DATE AND TIME OF LATEST TRANSACTION
control field 20250701021744.0
008 - FIXED-LENGTH DATA ELEMENTS--GENERAL INFORMATION
fixed length control field 240331s9999 xx 000 0 und d
020 ## - INTERNATIONAL STANDARD BOOK NUMBER
ISBN 9556020349
082 ## - DDC Classification
Class No. 1033
Item Number - Author Mark SUN
100 ## - MAIN ENTRY--PERSONAL NAME
Personal name Ariyarathne,S
245 #0 - TITLE STATEMENT
Title Manawasinghe geetha nibanda
260 ## - PUBLICATION, DISTRIBUTION, ETC.
Place of publication, distribution, etc. Colombo
Name of publisher, distributor, etc. The National Book Development Council Of Sri Lanka
Date of publication, distribution, etc. 1991
300 ## - PHYSICAL DESCRIPTION
Extent (e.g. Volumes, Pages etc.) 220 p .,
500 ## - GENERAL NOTE
General note Lyrics of Sri Chandraratna Manawasingha
942 ## - Koha item type (Biblio)
Koha item type Books in Stacks (Lending)
Holdings
Lost status Damaged status Collection code Home library Current library Shelving location Date acquired Accession Number Item type
    Lending WERC Library WERC Library Social Science Cupboard 03/31/2024 1033 Books in Stacks (Lending)

© WERC Library